[Event "Challenge"]
[Site "http://www.queenalice.com/game.php?id=1825820"]
[Date "2023.11.23"]
[Round "-"]
[White "Malukinha"]
[Black "RAFAELI"]
[Result "1-0"]
[WhiteElo "1751"]
[BlackElo "1802"]

1. e4 e5 2. Nf3 Nc6 3. Bc4 Qe7 4. O-O d6 5. h3 h6 6. Nc3 Be6 7. Bxe6 Qxe6 8. d3
O-O-O 9. Be3 g5 10. Nd5 Nge7 11. Nxe7+ Bxe7 12. c4 g4 13. Nh2 gxh3 14. g3 h5 15.
Qf3 h4 16. g4 Nd4 17. Bxd4 exd4 18. Qxh3 Rhg8 19. f3 Qe5 20. f4 Qa5 21. g5+ Kb8
22. Qxh4 Qd2 23. Qg3 f6 24. g6 Rg7 25. Rab1 Qa5 26. a3 Qh5 27. f5 c5 28. b4 b6
29. bxc5 Kc8 30. cxb6 Rd7 31. Rb2 Rb7 32. Rfb1 a6 33. Rc2 Kd7 34. Qg2 Kc8 35.
Nf3 Qh8 36. Nxd4 Qh6 37. Ne6 Rg8 38. g7 Qe3+ 39. Qf2 Qxd3 40. c5 dxc5 41. Nxc5
Rxg7+ 42. Kh1 Qh3+ 43. Qh2 Qf3+ 44. Rg2 Rxg2 45. Qxg2 Qxg2+ 46. Kxg2 Bxc5 47.
Rc1 Rxb6 48. Rxc5+ Kd7 49. Rc3 Kd6 50. Kf3 a5 51. Kf4 a4 52. Re3 Rb3 53. e5+
fxe5+ 54. Rxe5 Rxa3 55. f6 Rb3 56. f7 Rb4+ 57. Kf5 Rb8 58. Re8 Rb5+ 59. Kf6 a3
60. f8=Q+ 1-0

[Event "Challenge"]
[Site "http://www.queenalice.com/game.php?id=1834580"]
[Date "2024.4.3"]
[Round "-"]
[White "RAFAELI"]
[Black "Leftpawn"]
[Result "1-0"]
[WhiteElo "1784"]
[BlackElo "1725"]

1. e4 c5 2. Bc4 e6 3. c3 d5 4. exd5 exd5 5. Be2 Nf6 6. f3 c4 7. b3 b5 8. b4 Be7
9. d3 O-O 10. h4 Nbd7 11. h5 h6 12. g4 Nh7 13. Nh3 Qc7 14. Be3 Bh4+ 15. Bf2 Bf6
16. d4 Qd8 17. Nf4 Nb6 18. Qc2 Bg5 19. Ng2 Qd6 20. Na3 a6 21. O-O Bd7 22. Be3
Bd8 23. Bf4 Qc6 24. Be5 Bf6 25. Bxf6 Nxf6 26. Rae1 Rae8 27. Nb1 Nh7 28. Nf4 Ng5
29. Nd2 Nc8 30. Rf2 Ne7 31. Rh2 Kh8 32. Nh3 Nh7 33. Bf1 Nc8 34. Rxe8 Rxe8 35.
Rg2 Nb6 36. Rg3 f6 37. Nf4 Nf8 38. Ng6+ Nxg6 39. Qxg6 Rg8 40. Be2 Be8 41. Qf5
Bd7 42. Qg6 Be8 43. Qc2 Nd7 44. Bd1 Bf7 45. Qf5 Nf8 46. f4 Be6 47. Qc2 Qd7 48.
f5 Qd6 49. Rg2 Bd7 50. Nf3 Nh7 51. Nh4 Ng5 52. Kh1 Qf4 53. Ng6+ 1-0

[Event "Challenge"]
[Site "http://www.queenalice.com/game.php?id=1838431"]
[Date "2024.6.10"]
[Round "-"]
[White "AdilsonGomes"]
[Black "RAFAELI"]
[Result "0-1"]
[WhiteElo "1402"]
[BlackElo "1798"]

1. e4 e5 2. Nf3 Nc6 3. Bc4 Qe7 4. Nc3 Nf6 5. Nd5 Nxd5 6. Bxd5 Nd4 7. Nxd4 exd4
8. d3 c6 9. Bb3 d5 10. Qf3 Be6 11. O-O h5 12. Bd2 O-O-O 13. exd5 cxd5 14. Rae1
Qd6 15. Rc1 Kb8 16. Bf4 Bg4 17. Bxd6+ Bxd6 18. Qxf7 Rd7 19. Qxd5 Bxh2+ 20. Kxh2
Rxd5 0-1

[Event "Challenge"]
[Site "http://www.queenalice.com/game.php?id=1838432"]
[Date "2024.6.10"]
[Round "-"]
[White "RAFAELI"]
[Black "AdilsonGomes"]
[Result "1-0"]
[WhiteElo "1800"]
[BlackElo "1400"]

1. e4 d6 2. Bc4 Nf6 3. f3 c6 4. c3 b5 5. Bb3 Nbd7 6. a4 Qa5 7. Na3 Nc5 8. axb5
cxb5 9. Bc2 Qb6 10. Qe2 Ba6 11. b4 Ne6 12. Nh3 g5 13. d4 h6 14. O-O Bg7 15. g4
Nc7 16. Be3 Qc6 17. Nb1 d5 18. e5 Nd7 19. f4 Qxc3 20. Nxc3 1-0

[Event "Challenge"]
[Site "http://www.queenalice.com/game.php?id=1838903"]
[Date "2024.6.19"]
[Round "-"]
[White "RAFAELI"]
[Black "okiwiz"]
[Result "0-1"]
[WhiteElo "1784"]
[BlackElo "1753"]

1. e4 e6 2. c3 Nf6 3. f3 Nc6 4. b4 Nh5 5. Ne2 Bd6 6. d4 Qh4+ 7. g3 Bxg3+ 8. Nxg3
Nxg3 9. hxg3 Qxh1 10. Qe2 Ne7 11. Bg5 Ng6 12. Nd2 b6 13. O-O-O Qh5 14. Be3 a5
15. Qc4 Kd8 16. b5 Bb7 17. a4 Ne7 18. Bf4 Rc8 19. Be2 Qh2 20. Nf1 Qh5 21. g4 Qg6
22. Bd3 Qf6 23. Be5 Qxf3 24. Bxg7 Rg8 25. Nh2 Qf4+ 26. Rd2 Rxg7 27. Kc2 d5 28.
Qa2 dxe4 29. Bc4 e3 30. Re2 Kd7 31. Kd1 Rcg8 32. Rg2 Bxg2 33. Qxg2 Nf5 34. Qc6+
Ke7 35. Nf3 Rxg4 36. Be2 Ng3 37. Ne5 Nxe2 38. Qd7+ Kf8 39. Kxe2 Qf2+ 40. Kd3 e2
41. Qd8+ Kg7 42. Nxg4 e1=N+ 43. Kc4 Qe2+ 0-1

[Event "Challenge"]
[Site "http://www.queenalice.com/game.php?id=1841286"]
[Date "2024.8.1"]
[Round "-"]
[White "RAFAELI"]
[Black "steve_sharp"]
[Result "0-1"]
[WhiteElo "1800"]
[BlackElo "1831"]

1. e4 d5 2. e5 Bf5 3. Nf3 e6 4. Bb5+ c6 5. Ba4 Nd7 6. d4 Qc7 7. O-O O-O-O 8. Bg5
f6 9. Bd2 fxe5 10. dxe5 Nxe5 11. Bf4 Bd6 12. Bxe5 Bxe5 13. c3 Nf6 14. Qe2 Bf4
15. g3 Bd6 16. Ng5 Ne4 17. Nf7 Qxf7 18. f4 Qg6 19. Qg2 Nc5 20. Bb3 Nd3 21. Bc2
Bc5+ 22. Kh1 Be4 23. Rf3 Nf2+ 24. Kg1 Bxc2 25. Rxf2 Bxb1 26. Kh1 Bxf2 27. Qxf2
Qe4+ 28. Kg1 d4 29. cxd4 Bd3 30. Re1 Qxd4 31. Re3 Qd5 32. a4 Rhe8 33. b4 e5 34.
f5 Rf8 35. g4 e4 36. b5 Kb8 37. bxc6 Qxc6 38. a5 g6 39. Qf4+ Qd6 40. Qg5 gxf5
41. h3 fxg4 42. hxg4 Qf6 43. Qh4 Qxh4 0-1

[Event "Challenge"]
[Site "http://www.queenalice.com/game.php?id=1843055"]
[Date "2024.9.4"]
[Round "-"]
[White "RAFAELI"]
[Black "Charles56"]
[Result "1-0"]
[WhiteElo "1767"]
[BlackElo "1760"]

1. e4 e5 2. Qh5 d6 3. Bc4 g6 4. Qf3 f6 5. Nc3 c6 6. h3 Bh6 7. Nge2 Qe7 8. a4 Be6
9. Bxe6 Qxe6 10. b4 Ne7 11. b5 cxb5 12. Nxb5 Qc4 13. Nxd6+ Kd7 14. Nxc4 Nbc6 15.
Qxf6 Raf8 16. Qd6+ Kc8 17. Nxe5 Nxe5 18. Qxe5 Nc6 19. Qe6+ Kb8 20. Rb1 Rc8 21.
c3 Rhe8 22. Qb3 Rc7 23. Ba3 Rxe4 24. Bd6 1-0

[Event "Challenge"]
[Site "http://www.queenalice.com/game.php?id=1843056"]
[Date "2024.9.4"]
[Round "-"]
[White "RAFAELI"]
[Black "Malukinha"]
[Result "0-1"]
[WhiteElo "1766"]
[BlackElo "1887"]

1. e4 e5 2. Nc3 Nf6 3. Bc4 Nc6 4. Nf3 Bc5 5. Ng5 O-O 6. Qf3 Nd4 7. Qd1 d6 8. h4
Bg4 9. f3 Be6 10. Bd3 d5 11. exd5 Nxd5 12. Nxh7 Re8 13. Ng5 g6 14. Be4 c6 15. d3
Kg7 16. h5 Rh8 17. g4 Nf6 18. h6+ Kf8 19. Ne2 Nh7 20. Nxh7+ Rxh7 21. c3 Nxe2 22.
Qxe2 f5 23. gxf5 gxf5 24. Bxc6 bxc6 25. Qxe5 Qe7 26. Rh5 Bf7 27. Rxf5 Qxe5+ 28.
Rxe5 Re8 29. d4 Bd6 30. Rxe8+ Kxe8 31. b4 Bh5 32. Kf2 Rf7 33. f4 Be7 34. Kg3 Rh7
35. f5 Kf7 36. Be3 Kf6 37. Rf1 Bf8 38. Kh4 Bxh6 39. Bxh6 Rxh6 40. Kg3 Rh7 41.
Kf4 Be2 42. Re1 Bc4 43. a4 Rh4+ 44. Kg3 Rh5 45. Re6+ Bxe6 46. fxe6 Kxe6 0-1

[Event "Challenge"]
[Site "http://www.queenalice.com/game.php?id=1843067"]
[Date "2024.9.4"]
[Round "-"]
[White "okiwiz"]
[Black "RAFAELI"]
[Result "0-1"]
[WhiteElo "1806"]
[BlackElo "1783"]

1. d4 e6 2. e3 d5 3. Bd3 Qf6 4. Nd2 c5 5. c3 c4 6. Ngf3 h5 7. O-O g5 8. Ne5 cxd3
9. Nxd3 h4 10. Ne5 Bd6 11. f4 Bxe5 12. fxe5 Qe7 13. Nf3 g4 14. Nd2 Qg5 15. Nb3
Qg6 16. Nc5 b6 17. Nd3 Ba6 18. Nf4 Qg5 19. Rf2 g3 20. Rf3 gxh2+ 21. Kh1 Nh6 22.
Rh3 Ng4 23. Qf3 Nd7 24. Bd2 O-O-O 25. b3 Nf8 26. e4 dxe4 27. Qd1 Nf2+ 28. Kxh2
Nxd1 29. Rxd1 Qg4 30. Rf1 Bxf1 31. Kg1 Qd1 32. Be3 Ng6 33. Kh2 Nxf4 34. Bxf4 Qg4
35. g3 Qe2+ 36. Kh1 Qg2# 0-1

[Event "Challenge"]
[Site "http://www.queenalice.com/game.php?id=1846898"]
[Date "2024.11.8"]
[Round "-"]
[White "RAFAELI"]
[Black "okiwiz"]
[Result "0-1"]
[WhiteElo "1785"]
[BlackElo "1826"]

1. e4 e6 2. Nc3 Bb4 3. a3 Ba5 4. b4 Bb6 5. Nh3 Qf6 6. Bb5 Nh6 7. f3 Qh4+ 8. Kf1
O-O 9. Qe2 Nc6 10. Bxc6 dxc6 11. d3 Bd4 12. Bd2 e5 13. Ng1 f5 14. g3 Qf6 15. h4
Be6 16. Bxh6 Qxh6 17. Nh3 Bxc3 18. Rd1 f4 19. gxf4 Rxf4 20. Nxf4 Qxf4 21. Qg2
Rf8 22. Ke2 Bd4 23. Rdf1 Bb2 24. Rhg1 Rf7 25. a4 Bc3 26. Rd1 Bxb4 27. h5 Bc5 28.
d4 exd4 29. Qg5 Qe3+ 30. Qxe3 dxe3 31. Rg5 Bc4+ 32. Ke1 Bb4+ 33. Rd2 Rxf3 0-1

[Event "Challenge"]
[Site "http://www.queenalice.com/game.php?id=1850712"]
[Date "2025.1.20"]
[Round "-"]
[White "RAFAELI"]
[Black "Tartenfou93"]
[Result "0-1"]
[WhiteElo "1791"]
[BlackElo "1865"]

1. e4 c5 2. Bc4 e6 3. Nh3 d5 4. Bd3 Bd6 5. O-O Nf6 6. f3 Qb6 7. Kh1 Nc6 8. c3
O-O 9. Na3 a6 10. Qe1 e5 11. g4 dxe4 12. Bxe4 Nxe4 13. Qxe4 Ne7 14. Nc4 Qc7 0-1

[Event "Challenge"]
[Site "http://www.queenalice.com/game.php?id=1852087"]
[Date "2025.2.13"]
[Round "-"]
[White "RAFAELI"]
[Black "okiwiz"]
[Result "0-1"]
[WhiteElo "1778"]
[BlackElo "1767"]

1. e4 e6 2. c3 Bc5 3. b4 Bb6 4. Nh3 Nf6 5. f3 O-O 6. d4 Nc6 7. Bb5 Ne7 8. g4 d5
9. e5 Nd7 10. Qc2 a5 11. Ba3 c6 12. Bd3 Ng6 13. Nd2 Qh4+ 14. Nf2 Ndxe5 15. Be2
axb4 16. Bxb4 Re8 17. O-O Nd7 18. Bd6 e5 19. Bd3 Re6 20. Bxg6 Rxg6 21. Kh1 Rxd6
22. dxe5 Rh6 23. h3 Bxf2 24. Rxf2 Qxf2 25. Nf1 Rxh3+ 26. Nh2 Rxh2# 0-1

[Event "Challenge"]
[Site "http://www.queenalice.com/game.php?id=1854140"]
[Date "2025.3.18"]
[Round "-"]
[White "Leanne"]
[Black "RAFAELI"]
[Result "0-1"]
[WhiteElo "1338"]
[BlackElo "1764"]

1. e4 e5 2. d4 Qe7 3. Nf3 f6 4. g3 d6 5. Bg2 g5 6. O-O h5 7. dxe5 dxe5 8. Nc3 c6
9. b3 h4 10. Bb2 hxg3 11. fxg3 Bg4 12. Qd3 Nd7 13. h3 Nc5 14. Qe3 Bxf3 15. Qxf3
O-O-O 16. Ba3 b6 17. Kh1 Qh7 18. Qg4+ Kb7 19. Rad1 Bd6 20. Bxc5 bxc5 21. Nd5
cxd5 0-1

[Event "Challenge"]
[Site "http://www.queenalice.com/game.php?id=1854141"]
[Date "2025.3.18"]
[Round "-"]
[White "RAFAELI"]
[Black "Leanne"]
[Result "1-0"]
[WhiteElo "1762"]
[BlackElo "1340"]

1. e4 c5 2. Bc4 e6 3. c3 d5 4. Bb5+ Bd7 5. Bxd7+ Qxd7 6. e5 Nc6 7. Nf3 O-O-O 8.
O-O d4 9. Qe2 dxc3 10. bxc3 b6 11. Rd1 Qc7 12. d4 cxd4 13. cxd4 Nge7 14. Ng5 Rd7
15. Nxf7 Rg8 16. Nd6+ Kb8 17. Qa6 Nb4 18. Qa4 Nbd5 19. Bd2 Nf5 20. Rc1 Qd8 21.
Rc8+ 1-0

[Event "Challenge"]
[Site "http://www.queenalice.com/game.php?id=1855738"]
[Date "2025.4.17"]
[Round "-"]
[White "okiwiz"]
[Black "RAFAELI"]
[Result "1-0"]
[WhiteElo "1765"]
[BlackElo "1738"]

1. d4 e6 2. e3 Nf6 3. Bd3 c6 4. Nd2 Bb4 5. c3 Be7 6. Ngf3 h6 7. O-O Bd6 8. Nc4
Bc7 9. Nfe5 Bxe5 10. Nxe5 Qe7 11. f4 d6 12. Nf3 Nbd7 13. e4 b5 14. e5 dxe5 15.
Nxe5 Nxe5 16. fxe5 Nd5 17. Bd2 Bb7 18. Qh5 g6 19. Qf3 O-O-O 20. Qxf7 Qxf7 21.
Rxf7 g5 22. Raf1 Kb8 23. Rg7 Nc7 24. Rff7 Rc8 25. c4 Rhf8 26. Re7 a6 27. Ba5 Rf4
28. Bxc7+ Ka8 29. Bb6 Rxd4 30. Rxb7 Rf8 31. Bxd4 1-0

[Event "Challenge"]
[Site "http://www.queenalice.com/game.php?id=1860579"]
[Date "2025.7.25"]
[Round "-"]
[White "RAFAELI"]
[Black "okiwiz"]
[Result "1-0"]
[WhiteElo "1710"]
[BlackElo "1783"]

1. e4 e6 2. Qf3 Nc6 3. c3 Nf6 4. d4 d5 5. e5 Ne4 6. Bd3 f5 7. Bxe4 fxe4 8. Qh5+
g6 9. Qe2 Bd7 10. h4 Qe7 11. Bg5 Qg7 12. Bf6 Qg8 13. Bxh8 Qxh8 14. Na3 Bh6 15.
Nb5 O-O-O 16. a4 Kb8 17. b4 Rf8 18. Nh3 Rf7 19. a5 a6 20. Na3 Qf8 21. O-O Ne7
22. b5 axb5 23. Nxb5 Nc6 24. a6 Na7 25. Nxa7 Qe8 26. axb7 Ba4 27. Qa6 Bd7 28.
Nb5 Bxb5 29. Qa8# 1-0

[Event "Challenge"]
[Site "http://www.queenalice.com/game.php?id=1861481"]
[Date "2025.8.12"]
[Round "-"]
[White "RAFAELI"]
[Black "Zeca1955"]
[Result "0-1"]
[WhiteElo "1723"]
[BlackElo "1798"]

1. e4 e5 2. Qh5 Nc6 3. c3 Nf6 4. Qf3 Be7 5. d3 O-O 6. h3 h6 7. g4 g5 8. Ne2 Nh7
9. Ng3 d6 10. Nf5 Bxf5 11. Qxf5 Bf6 0-1